Letras en Valparaíso.

Պահպանված է:
Մատենագիտական մանրամասներ
Այլ հեղինակներ: Novoa Sepúlveda, Marcelo (Խմբագիր)
Ձևաչափ: Գիրք
Լեզու:իսպաներեն
Հրապարակվել է: Valparaíso, Chile: Consejo de Rectores V región, 2010.
Խորագրեր:
Ցուցիչներ: Ավելացրեք ցուցիչ
Չկան պիտակներ, Եղեք առաջինը, ով նշում է այս գրառումը!

MARC

LEADER 00000nam a2200000 a 4500
001 UCG1060
003 CL-VaPUC
005 20250407202431.0
008 100422e20100000CL |||||||||||||||||spa|d
999 |c 340514  |d 340512 
040 |c Pontificia Universidad Católica de Valparaíso 
082 0 4 |a Ch861 NOV 2010  |2 21 
100 |a Novoa Sepúlveda, Marcelo  |e editor  |9 742854 
245 1 0 |a Letras en Valparaíso. 
260 |a Valparaíso, Chile:  |b Consejo de Rectores V región,  |c 2010. 
300 |a 309 páginas. 
500 |a c.13 Entregado por Profesor René Venegas 08-08-2024 c.14-c.16. Instituto Arcos 8-1-2025. 
583 |a last modification  |c 20150924 21:40:35  |k Rodrigo Vera 
650 0 |a Poesías chilenas   |9 265280 
650 0 |a Prosa chilena   |9 267787 
942 |c BK  |2 ddc  |n 0 
945 |d 20100422 00:00:00  |a rbrito 
952 |0 0  |1 0  |4 0  |6 CH_861_000000000000000_NOV_2010  |7 0  |8 A  |9 435298  |a BIBCUR  |b BIBCUR  |d 2019-11-22  |i 4661907  |o Ch861 NOV 2010  |p 4661907  |r 2025-04-22  |w 2019-11-22  |y BK  |k PER 
952 |0 0  |1 0  |4 0  |6 CH_861_000000000000000_NOV_2010  |7 0  |8 A  |9 435299  |a BIBAGR  |b BIBAGR  |d 2019-11-22  |i 466373K  |o Ch861 NOV 2010  |p 466373K  |r 2025-01-20  |w 2019-11-22  |y BK  |k AGR 
952 |0 0  |1 0  |4 0  |6 CH_861_000000000000000_NOV_2010  |7 0  |8 A  |9 435300  |a BIBARQ  |b BIBARQ  |d 2019-11-22  |i 4663748  |o Ch861 NOV 2010  |p 4663748  |r 2025-01-20  |w 2019-11-22  |y BK  |k ARQ 
952 |0 0  |1 0  |4 0  |6 CH_861_000000000000000_NOV_2010  |7 0  |8 A  |9 435301  |a BIBTEO  |b BIBTEO  |d 2019-11-22  |i 4663764  |o Ch861 NOV 2010  |p 4663764  |r 2025-01-17  |w 2019-11-22  |y BK  |k ICR 
952 |0 0  |1 0  |4 0  |6 CH_861_000000000000000_NOV_2010  |7 0  |8 A  |9 435302  |a BIBDER  |b BIBDER  |d 2019-11-22  |i 4663772  |o Ch861 NOV 2010  |p 4663772  |r 2023-01-25  |w 2019-11-22  |y BK  |k DER 
952 |0 0  |1 0  |4 0  |6 CH_861_000000000000000_NOV_2010  |7 0  |8 X  |9 435303  |a BIBHIS  |b BIBHIS  |d 2019-11-22  |i 4663780  |o Ch861 NOV 2010  |p 4663780  |r 2024-01-30  |w 2019-11-22  |y BK_X  |k HIS 
952 |0 0  |1 0  |4 0  |6 CH_861_000000000000000_NOV_2010  |7 0  |8 A  |9 435306  |a BIBEDU  |b BIBEDU  |d 2019-11-22  |i 4663810  |o Ch861 NOV 2010  |p 4663810  |r 2023-01-12  |w 2019-11-22  |y BK  |k MUS 
952 |0 0  |1 0  |4 0  |6 CH_861_000000000000000_NOV_2010  |7 0  |8 A  |9 435307  |a BIBCUR  |b BIBCUR  |d 2019-11-22  |i 4663829  |o Ch861 NOV 2010  |p 4663829  |r 2025-04-22  |w 2019-11-22  |y BK  |k BCB 
952 |0 0  |1 0  |4 0  |6 CH_861_000000000000000_NOV_2010  |7 0  |8 A  |9 435308  |a BIBEDU  |b BIBEDU  |d 2019-11-22  |i 4663837  |l 1  |o Ch861 NOV 2010  |p 4663837  |r 2022-06-16  |s 2022-06-16  |w 2019-11-22  |y BK  |k EDU 
952 |0 0  |1 0  |4 0  |6 CH_861_000000000000000_NOV_2010  |7 0  |8 A  |9 435309  |a BIBEDU  |b BIBEDU  |d 2019-11-22  |i 4663845  |l 1  |o Ch861 NOV 2010  |p 4663845  |r 2022-10-25  |s 2022-09-23  |w 2019-11-22  |y BK  |k LIT 
952 |0 0  |1 0  |4 0  |6 CH_861_000000000000000_NOV_2010  |7 0  |8 A  |9 435310  |a BIBING  |b BIBING  |d 2019-11-22  |i 4663853  |o Ch861 NOV 2010  |p 4663853  |r 2025-01-20  |w 2019-11-22  |y BK  |k ING 
952 |0 0  |1 2  |4 0  |6 CH_861_000000000000000_NOV_2010  |7 0  |8 A  |9 435311  |a BIBRNT  |b BIBRNT  |d 2019-11-22  |i 4663861  |o Ch861 NOV 2010  |p 4663861  |r 2019-11-22  |w 2019-11-22  |y BK  |k RNT 
952 |0 0  |1 0  |4 0  |6 CH_861_000000000000000_NOV_2010  |7 0  |8 A  |9 435312  |a BIBEDU  |b BIBEDU  |d 2019-11-22  |i 466387K  |o Ch861 NOV 2010  |p 466387K  |r 2019-11-22  |w 2019-11-22  |y BK  |k LIT 
952 |0 0  |1 0  |2 ddc  |4 0  |6 CH_861_000000000000000_NOV_2010  |7 0  |8 A  |9 596245  |a BIBGIM  |b BIBGIM  |d 2024-08-08  |i 5662356  |o Ch861 NOV 2010  |p 5662356  |r 2025-01-15  |t 13  |w 2024-08-08  |y BK  |k ELE 
952 |0 0  |1 0  |2 ddc  |4 0  |6 CH_861_000000000000000_NOV_2010  |7 0  |8 A  |9 600020  |a BIBINC  |b BIBINC  |d 2025-01-28  |e Instituto Arcos   |i 5664974  |o Ch861 NOV 2010  |p 5664974  |r 2025-01-28  |t 14  |w 2025-01-28  |y BK  |k IFP 
952 |0 0  |1 0  |2 ddc  |4 0  |6 CH_861_000000000000000_NOV_2010  |7 0  |8 A  |9 601064  |a BIBINC  |b BIBINC  |d 2025-03-12  |e Instituto Arcos   |i 5665918  |o Ch861 NOV 2010  |p 5665918  |r 2025-03-12  |t 16  |w 2025-03-12  |y BK  |k IFP 
952 |0 0  |1 0  |2 ddc  |4 0  |6 CH_861_000000000000000_NOV_2009  |7 0  |8 A  |9 601065  |a BIBINC  |b BIBINC  |d 2025-03-12  |e Instituto Arcos   |i 5665917  |o Ch861 NOV 2009  |p 5665917  |r 2025-03-12  |t 15  |w 2025-03-12  |y BK  |k IFP